000 00650 a2200181 4500
999 _c6419
_d6419
020 _a9780080966489
050 0 0 _aTX 911.3.P4 NIC 2012
100 1 _aNickson, Dennis
_eauthor
245 1 0 _aHuman resource management for the hospitality and tourism industries /
_cDennis Nickson
250 _a2nd ed.
264 _aU.S.A.:
_bRoutledge,
_c2012
300 _a352 p. ;
_bill.(col.)
500 _aIncludes bibliographical references and index
504 _aIncludes bibliographical references and index
650 0 _aHospitality industry
_xPersonnel management.
650 0 _aTourism
_xPersonnel management.
942 _2lcc
_cBK
_e2nd ed.
_h911.3.P4
_iNIC
_kTX